Southville International School and Colleges
Your cart is empty.
  • Cart
  • Lists
    Public lists Eva Luna New books Lux_list list_1
    Your lists Log in to create your own lists
  • Log in to your account
  • Your cookies
  • Search history
Southville International School and Colleges
  • Advanced search
  • Recent comments
  • Most popular
  • Libraries

Log in to your account

Log in with GOOGLE


If you do not have an external account, but do have a local account, you can still log in:

  1. Home
  2. MARC view: Essentials mathematics for the modern world /
Normal view MARC view ISBD view

Essentials mathematics for the modern world / (Record no. 358129)

[ view plain ]
MARC details
000 -LEADER
fixed length control field 00713nam a2200253Ia 4500
008 - FIXED-LENGTH DATA ELEMENTS--GENERAL INFORMATION
fixed length control field 180628s9999 xx 000 0 und d
020 ## - INTERNATIONAL STANDARD BOOK NUMBER
International Standard Book Number 978-971-98-0933-3
050 ## - LIBRARY OF CONGRESS CALL NUMBER
Classification number FIL QA 36.5
050 ## - LIBRARY OF CONGRESS CALL NUMBER
Item number .N63 2018
100 ## - MAIN ENTRY--PERSONAL NAME
Personal name Nocon, Rizaldi C.
245 #0 - TITLE STATEMENT
Title Essentials mathematics for the modern world /
245 #0 - TITLE STATEMENT
Statement of responsibility, etc Rizaldi C. Nocon, Ederlina G. Nocon.
260 ## - PUBLICATION, DISTRIBUTION, ETC. (IMPRINT)
Place of publication, distribution, etc Quezon City :
260 ## - PUBLICATION, DISTRIBUTION, ETC. (IMPRINT)
Name of publisher, distributor, etc C & E Publishing,
260 ## - PUBLICATION, DISTRIBUTION, ETC. (IMPRINT)
Date of publication, distribution, etc 2018
300 ## - PHYSICAL DESCRIPTION
Extent 507 pages :
300 ## - PHYSICAL DESCRIPTION
Other physical details illustrations ;
300 ## - PHYSICAL DESCRIPTION
Dimensions 22 cm.
500 ## - GENERAL NOTE
General note Includes bibliographical references and index.
650 ## - SUBJECT ADDED ENTRY--TOPICAL TERM
Topical term or geographic name as entry element Business mathematics.
650 ## - SUBJECT ADDED ENTRY--TOPICAL TERM
Topical term or geographic name as entry element Mathematics.
650 ## - SUBJECT ADDED ENTRY--TOPICAL TERM
General subdivision Calculus.
650 ## - SUBJECT ADDED ENTRY--TOPICAL TERM
General subdivision Mathematical statistics.
Holdings
Withdrawn status Lost status Damaged status Home library Current library Shelving location Date acquired Cost, normal purchase price Total Checkouts Full call number Barcode Date last seen Price effective from Koha item type
      South Mansfield College South Mansfield College Filipiniana Section 06/26/2018 472.50   FIL QA 36.5 .N63 2018 SMC06175 06/28/2018 06/28/2018 Books

Essentials mathematics for the modern world /

APA

Nocon R. C., .Essentials mathematics for the modern world. Quezon City: .

Chicago

Nocon Rizaldi C, .Essentials mathematics for the modern world. Quezon City: .

Harvard

Nocon R. C., .Essentials mathematics for the modern world. Quezon City: .

MLA

Nocon Rizaldi C, .Quezon City: . .

  • Place hold
  • Print
  • Cite
  • Add to your cart (remove)
  • Save record
    BIBTEX Dublin Core MARCXML MARC (non-Unicode/MARC-8) MARC (Unicode/UTF-8) MARC (Unicode/UTF-8, Standard) MODS (XML) RIS
  • More searches
    Search for this title in:
    Other Libraries (WorldCat) Other Databases (Google Scholar) Online Stores (Bookfinder.com) Open Library (openlibrary.org)

Exporting to Dublin Core...

SOUTHVILLE LIBRARY

Southville International School and Colleges Library

1281 Tropical Ave. Cor. Luxembourg St., BF Homes International, Las Pinas City

Tel. No. 8256374 / 252358 Loc. 117/146

Powered by Koha